[Event "Poronin Tatra Limba op-B"]
[Site "Poronin"]
[Date "2021.05.26"]
[Round "6.13"]
[White "Kopaczewski, Zbigniew"]
[Black "Marczyk, Kinga"]
[Result "1-0"]
[WhiteElo "1367"]
[BlackElo "1296"]
[PlyCount "95"]
[EventDate "2021.05.22"]
[EventType "swiss"]
[EventRounds "9"]
[EventCountry "POL"]
[SourceTitle "EXT 2022"]
[Source "ChessBase"]
[SourceDate "2021.10.06"]
[SourceVersion "1"]
[SourceVersionDate "2021.10.06"]
[SourceQuality "1"]

1. c4 e5 2. g3 Nc6 3. Bg2 g6 4. a3 Bg7 5. e3 d6 6. Ne2 f5 7. Nbc3 a5 8. d3 Nf6 9. 0-0 0-0 10. Qc2 h6 11. Rb1 g5 12. b4 axb4 13. axb4 Kh8 14. Bb2 Ne7 15. d4 f4 16. Rbd1 Qe8 17. Nb5 Qh5 18. f3 Nf5 19. Bc1 fxg3 20. hxg3 Qf7 21. e4 c6 22. dxe5 Ne8 23. Nxd6 Nfxd6 24. exd6 Bd7 25. f4 g4 26. e5 Be6 27. Rd4 Bf5 28. Be4 Be6 29. Bg6 Qd7 30. Rd2 b5 31. cxb5 cxb5 32. Nd4 Ra2 33. Qe4 Rxd2 34. Bxd2 Bc4 35. Ra1 Nxd6 36. exd6 Qxd6 37. Bc3 Bd5 38. Qc2 Bc4 39. Nf5 Qb6+ 40. Kh2 Qxg6 41. Bxg7+ Kh7 42. Bxf8 Be6 43. Ra7+ Kh8 44. Qc3+ Kg8 45. Ne7+ Kxf8 46. Nxg6+ Ke8 47. Qh8+ Bg8 48. Qxg8# 1-0

[Event "Poronin Tatra Limba op-B"]
[Site "Poronin"]
[Date "2021.05.25"]
[Round "5.14"]
[White "Marczyk, Kinga"]
[Black "Golis, Wiktor"]
[Result "1-0"]
[WhiteElo "1296"]
[BlackElo "1412"]
[PlyCount "133"]
[EventDate "2021.05.22"]
[EventType "swiss"]
[EventRounds "9"]
[EventCountry "POL"]
[SourceTitle "EXT 2022"]
[Source "ChessBase"]
[SourceDate "2021.10.06"]
[SourceVersion "1"]
[SourceVersionDate "2021.10.06"]
[SourceQuality "1"]

1. e4 e6 2. d4 d5 3. e5 c5 4. c3 Nc6 5. Nf3 Qb6 6. a3 c4 7. Be2 Na5 8. Nbd2 Bd7 9. 0-0 Ne7 10. Qe1 0-0-0 11. Bd1 Bb5 12. Rb1 Ng6 13. Kh1 Nf4 14. Qe3 Ng6 15. Re1 Qc6 16. b4 cxb3 17. Nxb3 Nc4 18. Qg5 h5 19. Nfd2 Be7 20. Qg3 h4 21. Qf3 h3 22. g3 Qe8 23. Be2 b6 24. Nxc4 dxc4 25. Qa8+ Kc7 26. Qxa7+ Kc8 27. Nd2 Bc6+ 28. Kg1 b5 29. a4 Rd7 30. Qa6+ Rb7 31. axb5 Bxb5 32. Qa5 Bd8 33. Qa3 Be7 34. Qa8+ Rb8 35. Qa5 Bd8 36. Qa2 Qc6 37. Bf3 Qa6 38. Qxa6+ Bxa6 39. Rxb8+ Kxb8 40. Ba3 Ba5 41. Rb1+ Kc7 42. Bb4 Bxb4 43. Rxb4 Kd7 44. Nxc4 Bxc4 45. Rxc4 f6 46. exf6 gxf6 47. d5 Ne5 48. dxe6+ Kxe6 49. Re4 Kf5 50. Rf4+ Kg5 51. Kf1 Rc8 52. Be4 Ng4 53. Bf5 Nxh2+ 54. Kg1 Rc5 55. Kxh2 Rxc3 56. Bxh3 Rc1 57. Kg2 Ra1 58. Rg4+ Kh5 59. Rg8 Kh6 60. Bf5 Rc1 61. Rg6+ Kh5 62. g4+ Kh4 63. Rh6+ Kg5 64. Rg6+ Kh4 65. f4 Rc2+ 66. Bxc2 f5 67. gxf5 1-0

[Event "Poronin Tatra Limba op-B"]
[Site "Poronin"]
[Date "2021.05.25"]
[Round "4.22"]
[White "Przybys, Bruno"]
[Black "Marczyk, Kinga"]
[Result "0-1"]
[WhiteElo "1177"]
[BlackElo "1296"]
[PlyCount "160"]
[EventDate "2021.05.22"]
[EventType "swiss"]
[EventRounds "9"]
[EventCountry "POL"]
[SourceTitle "EXT 2022"]
[Source "ChessBase"]
[SourceDate "2021.10.06"]
[SourceVersion "1"]
[SourceVersionDate "2021.10.06"]
[SourceQuality "1"]

1. e4 c6 2. d4 d5 3. Nd2 dxe4 4. Nxe4 Bf5 5. Ng3 Bg6 6. Nf3 Nd7 7. Be2 e6 8. 0-0 h6 9. c3 Ngf6 10. h3 Be7 11. Bd3 Bxd3 12. Qxd3 0-0 13. Be3 Nb6 14. c4 c5 15. Rfd1 cxd4 16. Bxd4 Qc7 17. b3 Rfd8 18. Qc2 Nbd7 19. Be3 Nd5 20. Qe2 Nc3 21. Qb2 Nxd1 22. Rxd1 Bf6 23. Qc1 Ne5 24. Rxd8+ Rxd8 25. Nd4 Nd3 26. Qc3 Bxd4 27. Bxd4 Nf4 28. Be5 Rd1+ 29. Kh2 Qb6 30. c5 Qa6 31. Bxf4 Qxa2 32. Nh5 Qa1 33. Qxa1 Rxa1 34. Nxg7 Rb1 35. Ne8 Rxb3 36. Nd6 a5 37. Be3 a4 38. Ne4 a3 39. Nf6+ Kf8 40. Bd4 a2 41. Ne4 Rb1 42. Nd6 Ke7 43. Nc8+ Kd7 44. Nd6 a1Q 45. Bxa1 Rxa1 46. Nxb7 Kc6 47. Nd6 Ra7 48. Kg3 Kxc5 49. Ne4+ Kd4 50. Nf6 Ra5 51. f4 Rf5 52. Ng4 h5 53. Nf2 Ke3 54. Nd1+ Kd2 55. Nf2 Ke2 56. h4 f6 57. Nh1 Ke3 58. Nf2 Rxf4 59. Nd1+ Ke4 60. Nf2+ Kf5 61. Nd3 Rg4+ 62. Kh3 e5 63. g3 e4 64. Nf2 Rg7 65. Kg2 e3 66. Nd3 Rd7 67. Nf4 Rd2+ 68. Kf3 Rf2+ 69. Kxe3 Rxf4 70. gxf4 Kg4 71. f5 Kxf5 72. Kf3 Ke5 73. Ke3 f5 74. Kf3 f4 75. Kf2 Ke4 76. Ke2 f3+ 77. Kf2 Kf4 78. Kf1 Kg3 79. Kg1 Kxh4 80. Kf2 Kg4 0-1

[Event "Polanica Zdroj op-E 56th"]
[Site "Polanica Zdroj"]
[Date "2020.08.18"]
[Round "4"]
[White "Marczyk, Kinga"]
[Black "Wilgosz, Tomasz"]
[Result "0-1"]
[WhiteElo "1293"]
[BlackElo "1524"]
[PlyCount "84"]
[EventDate "2020.08.15"]
[EventType "swiss"]
[EventRounds "9"]
[EventCountry "POL"]
[SourceTitle "CBM 198 Extra"]
[Source "ChessBase"]
[SourceDate "2020.11.30"]
[SourceVersion "1"]
[SourceVersionDate "2020.11.30"]
[SourceQuality "1"]

1. e4 e6 2. d4 d5 3. e5 c5 4. c3 Nc6 5. Nf3 Qb6 6. a3 cxd4 7. cxd4 Nge7 8. Nc3 Nf5 9. Na4 Qd8 10. b4 Be7 11. Bb2 0-0 12. Rc1 Bd7 13. Bd3 a5 14. b5 Na7 15. Nc3 Nh4 16. 0-0 Ng6 17. a4 Rc8 18. Ne2 Bg5 19. Rxc8 Nxc8 20. Nxg5 Qxg5 21. Bc1 Qg4 22. h3 Qh4 23. Bd2 b6 24. Qc1 Qd8 25. Nf4 Nce7 26. g4 f6 27. exf6 Nxf4 28. Bxf4 Rxf6 29. Be5 Rf3 30. Qg5 Qf8 31. Be2 h6 32. Qd2 Ra3 33. Bd1 Ng6 34. Bh2 Nh4 35. f3 Ra1 36. Qe2 Qa3 37. Bc7 Ra2 38. Qe1 Ng2 39. Qe5 Ne3 40. Re1 Nxd1 41. Rxd1 Qxf3 42. Rf1 Qg2# 0-1